| 000 | 00608nam a2200193 a 4500 | ||
|---|---|---|---|
| 005 | 20140412111336.0 | ||
| 008 | 031017s19uu xx 00 eng d | ||
| 020 | _a0-02-831063-2 | ||
| 050 |
_aTR(GS 372.4 _bA19 2000 |
||
| 100 | _aAdams, Marilyn Jager | ||
| 245 |
_aReading and writing workbook (red), L.K / _cby Marilyn Jager Adams & et al. |
||
| 260 |
_aColumbus, Ohio : _bSRA/McGraw-Hill, _c2000. |
||
| 300 | _a129 p. ; ill. | ||
| 440 | _aSRA Open Court Reading, Red | ||
| 650 |
_aReading _xStudy and teaching |
||
| 650 |
_aEnglish language _xStudy and teaching |
||
| 999 |
_c105034 _d105034 |
||